00000000nam##2200000za#4500
0019.590499
003CaOODSP
00520210624200144
007cr |||||||||||
008150406|1990||||xxc|||||o    f|0| 0 eng|d
040 |aCaOODSP|beng
041 |aeng
041 |afre
043 |an-cn---
0861 |aS52-2/200-PDF
1101 |aCanada. |bPublic Works and Government Services Canada. |bTranslation Bureau.
24510|aVocabulary of genetic engineering / |h[electronic resource]|cUnder the direction of Edgard Delvin and Gisèle Pham.
260 |aOttawa - Ontario : |bPublic Works and Government Services Canada. |cc1990.
300 |a352p.
4901 |aTerminology bulletin|vNo. 200
500 |aDigitized edition from print. [Produced by Publishing and Depository Services, 2014.] Issued by Secretary of State, Translation Bureau, Terminological and Linguistic Services Branch.—Introd. Joint Project of the Medical Research Council of Canada.
504 |aBibliography.
590 |a14-22-Supp|b2014-12-24
7201 |aDelvin, Edgard
7201 |aPham, Gisèle
792 |tVocabulaire du genie génétique / |efre|w(CaOODSP)9.590500
830#0|aTerminology bulletin ;|vNo. 200|w(CaOODSP)9.500139
85640|ahttp://publications.gc.ca|qPDF|s3522 KB|uhttps://publications.gc.ca/collections/collection_2014/tpsgc-pwgsc/S52-2-200.pdf|yNo. 200